000 00654nam a22001817a 4500
005 20260428142423.0
010 _aENG-148348
020 _a9788198517425
_c2176.00
035 _aEN-131880
037 _bDBAD
082 _a581.954
245 _aFlora of India:
_bCostaceac-Smilacaceac-Adoxaceac/
_cEdited by Rajib Gogoi...[et.al]
260 _aKolkata
_bThe Director, Botanical Survey of India
_c2025
270 _aCGO Complex, 3rd MSO Building, Block - F, 5th & 6th Floor, DF - Block, Sector-1, Salt Lake City
_bKolkata
_e700064
300 _acxxxvi,775p.
_c25cm.(Hb)
_bcol,ill
490 _vVol-27
942 _2ddc
_cEN
_h581.954
_mFLO
999 _c216020
_d216020